[Event "AUTO-OPEN-1656"]
[Site "http://www.queenalice.com/game.php?id=635389"]
[Date "2009.8.12"]
[Round "1"]
[White "cessna82783"]
[Black "Wecker"]
[Result "1-0"]
[WhiteElo "1971"]
[BlackElo "1537"]

1. e4 d5 2. e5 Bf5 3. d4 c5 4. Nf3 cxd4 5. Nxd4 e6 6. Nxf5 exf5 7. Bd3 Nc6 8.
Bf4 g5 9. Bd2 Nh6 10. O-O Nxe5 11. Bb5+ Nd7 12. Re1+ Be7 13. Bxg5 1-0

[Event "Challenge"]
[Site "http://www.queenalice.com/game.php?id=635426"]
[Date "2009.8.12"]
[Round "-"]
[White "cessna82783"]
[Black "vinicius_rossitto"]
[Result "0-1"]
[WhiteElo "2010"]
[BlackElo "2240"]

1. d4 d5 2. Nf3 Nf6 3. Nc3 e6 4. Bf4 Bb4 5. Bd2 O-O 6. e3 c5 7. Be2 Nc6 8. O-O
cxd4 9. exd4 Bd6 10. a3 Ne4 11. Nxe4 dxe4 12. Ng5 f5 13. f4 h6 14. Nh3 Nxd4 15.
Bc3 Nxe2+ 16. Qxe2 Qc7 17. Rad1 Rd8 18. Qh5 Bd7 19. Qg6 Bc5+ 20. Nf2 Bxf2+ 21.
Rxf2 Be8 22. Qxe6+ Bf7 23. Rxd8+ Rxd8 24. Qe5 Rd1+ 25. Rf1 Qb6+ 26. Bd4 Qxd4+
27. Qxd4 Rxd4 28. c3 Rd2 29. b3 Bxb3 30. Rb1 Bd5 31. c4 Bxc4 32. Rxb7 e3 33.
Rb8+ Kh7 34. Rb1 Bd5 35. Kf1 Rf2+ 36. Kg1 Rxg2+ 0-1

[Event "AUTO-MASTER-876"]
[Site "http://www.queenalice.com/game.php?id=635460"]
[Date "2009.8.13"]
[Round "1"]
[White "cessna82783"]
[Black "andrevillares"]
[Result "0-1"]
[WhiteElo "1890"]
[BlackElo "1914"]

1. d4 Nf6 2. Nc3 d5 3. Bf4 Bf5 4. Nb5 Na6 5. Nf3 c6 6. Na3 e6 7. e3 Qa5+ 8. c3
Bxa3 9. bxa3 Qxc3+ 10. Nd2 Ne4 0-1

[Event "AUTO-MASTER-876"]
[Site "http://www.queenalice.com/game.php?id=635475"]
[Date "2009.8.13"]
[Round "1"]
[White "cessna82783"]
[Black "Evandrobit"]
[Result "0-1"]
[WhiteElo "1963"]
[BlackElo "2240"]

1. e4 c5 2. Nf3 d6 3. Nc3 Nc6 4. Bb5 Bd7 5. O-O a6 6. Bc4 b5 7. Bd5 e6 8. Bxc6
Bxc6 9. Re1 b4 10. Nd5 Bb7 11. Nf4 g5 12. Nxg5 Qxg5 13. d4 Qe7 14. dxc5 dxc5 15.
Nd5 Qd6 16. Nf4 Qxd1 17. Rxd1 Bxe4 18. c3 Rd8 19. Rxd8+ Kxd8 20. cxb4 cxb4 21.
Be3 Bd6 22. Rd1 Ke7 23. Rd4 Bxf4 24. Bxf4 Bd5 25. Rxb4 Nf6 26. Bg5 Rg8 27. Bxf6+
Kxf6 0-1

[Event "AUTO-MASTER-876"]
[Site "http://www.queenalice.com/game.php?id=635476"]
[Date "2009.8.13"]
[Round "1"]
[White "Evandrobit"]
[Black "cessna82783"]
[Result "1-0"]
[WhiteElo "2282"]
[BlackElo "1892"]

1. d4 d5 2. c4 e6 3. Nc3 Bb4 4. e3 Nf6 5. Bd3 O-O 6. Ne2 Ng4 7. h3 Nf6 8. a3 Ba5
9. b4 dxc4 10. Bxc4 Bb6 11. O-O c6 12. Bb2 Qd6 13. Ng3 Bc7 14. Qf3 h5 15. e4 Qe7
16. e5 Nd5 17. Qxh5 Bd8 18. Nce4 Qh4 19. Qxh4 Bxh4 20. Nd6 Nd7 21. Nge4 N7b6 22.
Bb3 a5 23. bxa5 Rxa5 24. Rfb1 Be7 25. Bc1 Na4 26. Bd2 Ra7 27. Bb4 Nxb4 28. axb4
b5 29. Ra2 Bxd6 30. Nxd6 Rd7 31. Bxa4 bxa4 32. Rxa4 f6 33. Ra8 Rdd8 34. Rba1 Bd7
35. R8a7 fxe5 36. dxe5 1-0

[Event "AUTO-MASTER-876"]
[Site "http://www.queenalice.com/game.php?id=635477"]
[Date "2009.8.13"]
[Round "1"]
[White "cessna82783"]
[Black "mandaragit"]
[Result "0-1"]
[WhiteElo "1971"]
[BlackElo "2182"]

1. d4 e6 2. e4 d5 3. e5 c5 4. c3 Nc6 5. Nf3 Qb6 6. Be2 cxd4 7. cxd4 Nh6 8. Qa4
Nf5 9. O-O Nxd4 10. Nxd4 Qxd4 11. Qxd4 Nxd4 12. Nc3 Bd7 13. Be3 Nc2 14. Rac1
Nxe3 15. fxe3 a6 16. a3 Be7 17. Bf3 O-O 18. Ne2 Rfc8 19. Rc3 Rxc3 20. bxc3 Bxa3
21. Nd4 Rc8 22. c4 Rxc4 23. Ne2 Bc5 24. Nd4 Bxd4 25. exd4 Rxd4 26. Rc1 Bc6 27.
Rd1 Rxd1+ 28. Bxd1 a5 29. Kf2 f6 30. exf6 gxf6 31. Ke3 e5 32. g4 b5 33. h3 a4
0-1

[Event "AUTO-MASTER-876"]
[Site "http://www.queenalice.com/game.php?id=635478"]
[Date "2009.8.13"]
[Round "1"]
[White "mandaragit"]
[Black "cessna82783"]
[Result "1-0"]
[WhiteElo "2201"]
[BlackElo "1958"]

1. e4 e5 2. Nf3 Nc6 3. Bc4 h6 4. d4 exd4 5. Nxd4 d6 6. O-O Be7 7. Nc3 Bf6 8.
Nde2 Nge7 9. Be3 Ne5 10. Bb3 Ng4 11. Bd4 Bxd4 12. Qxd4 O-O 13. h3 Ne5 14. Rad1
N7c6 15. Qe3 Qh4 16. f4 Ng6 17. Nd5 a5 18. Nxc7 Rb8 19. Nb5 Qf6 20. c3 Be6 21.
Rxd6 Rbd8 22. Rxd8 Nxd8 23. e5 Qe7 24. Bxe6 fxe6 25. Kh2 Qd7 26. Nd6 Nf7 27.
Nxf7 Rxf7 28. Nd4 a4 29. Rf2 Ne7 30. c4 Nc6 31. Nb5 Ne7 32. Nd6 Rf8 33. Qe4 Nf5
34. Nxf5 Rxf5 35. g4 Rf7 36. f5 b6 37. Kg3 Qe7 38. fxe6 Rxf2 39. Kxf2 Qxe6 40.
Qd5 Qxd5 41. cxd5 1-0

[Event "AUTO-ADV-1437"]
[Site "http://www.queenalice.com/game.php?id=635561"]
[Date "2009.8.13"]
[Round "1"]
[White "limovsksan"]
[Black "cessna82783"]
[Result "1-0"]
[WhiteElo "1856"]
[BlackElo "1952"]

1. e4 e5 2. Nf3 Nc6 3. d4 d6 4. d5 Bg4 5. dxc6 bxc6 6. h3 Be6 7. Nc3 Nf6 8. Bg5
Be7 9. Bxf6 Bxf6 10. Bd3 O-O 11. O-O Qd7 12. Qd2 Rab8 13. b3 Bxh3 14. gxh3 Qxh3
15. Nh2 h6 16. Qe2 Bg5 17. Qg4 Qxg4+ 18. Nxg4 Bd2 19. Ne2 f5 20. exf5 Rbe8 21.
Rad1 Ba5 22. Ng3 d5 23. Be2 e4 24. Ba6 Bb4 25. Bb7 Bd6 26. Bxc6 Rb8 27. Bxd5+
Kh8 28. Bxe4 Bxg3 29. fxg3 Rbe8 30. Rde1 c5 31. c4 a5 32. Nf2 1-0

[Event "AUTO-ADV-1437"]
[Site "http://www.queenalice.com/game.php?id=635562"]
[Date "2009.8.13"]
[Round "1"]
[White "cessna82783"]
[Black "limovsksan"]
[Result "0-1"]
[WhiteElo "1911"]
[BlackElo "1876"]

1. d4 d5 2. Nf3 Nf6 3. Nc3 e6 4. e3 Bb4 5. Bd2 Ne4 6. Nxe4 Bxd2+ 7. Nfxd2 dxe4
8. Nxe4 Qd5 9. Bd3 f5 10. Ng5 Qxg2 11. Qf3 Qxg5 12. O-O-O Nc6 13. Rhg1 Qf6 14.
Bb5 Bd7 15. d5 exd5 16. Bxc6 Bxc6 17. Qf4 O-O-O 18. Rd4 h6 19. h4 g6 20. Rgd1 g5
21. hxg5 hxg5 22. Qf3 g4 23. Qf4 Rh3 24. c4 Rf3 25. Qh2 Rh8 26. Qg1 Rd8 27. cxd5
Bb5 28. Qe1 Qa6 29. a3 Bc4 30. Qd2 Be2 31. Re1 Rxf2 32. Rf4 Rxf4 33. exf4 Bf3
34. Qc3 Bxd5 35. Qe5 Qc4+ 36. Qc3 Qxc3+ 37. bxc3 Be4 38. Rg1 Rd3 0-1

[Event "AUTO-ADV-1437"]
[Site "http://www.queenalice.com/game.php?id=635577"]
[Date "2009.8.13"]
[Round "1"]
[White "cessna82783"]
[Black "FreitasPC"]
[Result "1-0"]
[WhiteElo "1986"]
[BlackElo "1781"]

1. e4 e5 2. Nf3 Nc6 3. Bc4 h6 4. O-O Nf6 5. Nc3 Be7 6. d4 exd4 7. Nxd4 O-O 8.
Nf5 Ne5 9. Bb3 d6 10. f4 Bxf5 11. fxe5 Nxe4 12. Rxf5 Nxc3 13. bxc3 dxe5 14. Qg4
g5 15. Qh5 Qd6 16. Be3 Kg7 17. Rxf7+ Kh8 18. Rd1 Qa6 19. Rxe7 1-0

[Event "AUTO-ADV-1437"]
[Site "http://www.queenalice.com/game.php?id=635578"]
[Date "2009.8.13"]
[Round "1"]
[White "FreitasPC"]
[Black "cessna82783"]
[Result "0-1"]
[WhiteElo "1790"]
[BlackElo "1977"]

1. d4 d5 2. c4 e6 3. Nc3 Nc6 4. e3 Nf6 5. Nf3 Be7 6. Be2 O-O 7. O-O Ne4 8. Nxe4
dxe4 9. Nd2 f5 10. a3 Bd6 11. c5 Bxh2+ 12. Kxh2 Qh4+ 13. Kg1 Rf6 14. f4 Rh6 0-1

[Event "Challenge #1"]
[Site "http://www.queenalice.com/game.php?id=641037"]
[Date "2009.8.23"]
[Round "-"]
[White "Aylton"]
[Black "cessna82783"]
[Result "1-0"]
[WhiteElo "1968"]
[BlackElo "1988"]

1. d4 d5 2. Nf3 Nc6 3. e3 Nf6 4. c4 e6 5. Nc3 Be7 6. a3 Na5 7. Qa4+ Nc6 8. Ne5
Bd7 9. Nxd7 Nxd7 10. cxd5 exd5 11. Nxd5 O-O 12. Nxe7+ Qxe7 13. Be2 Nb6 14. Qc2
Rad8 15. O-O Qh4 16. g3 Qh3 17. Bf3 Rd6 18. Bg2 Qh5 19. b4 a6 20. Qc5 f5 21. d5
Rh6 22. h3 Ne5 23. Qxc7 Nf3+ 24. Kh1 Nxd5 25. Qxb7 Ng5 26. Qxd5+ Kh8 27. h4 Ne4
28. Bxe4 fxe4 29. Qxh5 Rxh5 30. Kg2 Rf3 31. Bb2 Kg8 32. Rac1 g5 33. hxg5 Rxg5
34. Rc8+ Kf7 35. Rc7+ Kg8 36. Rd1 Rf7 37. Rd8+ Rf8 38. Rcc8 Rf5 39. Rxf8+ Rxf8
40. Rxf8+ Kxf8 41. a4 Ke7 42. b5 axb5 43. axb5 Kd6 44. b6 Kc6 45. Bd4 1-0

[Event "Challenge #2"]
[Site "http://www.queenalice.com/game.php?id=641038"]
[Date "2009.8.23"]
[Round "-"]
[White "cessna82783"]
[Black "Aylton"]
[Result "0-1"]
[WhiteElo "2003"]
[BlackElo "2033"]

1. d4 Nf6 2. Nc3 d5 3. Bf4 a6 4. Nf3 e6 5. e3 c5 6. Na4 Qa5+ 7. Nc3 Ne4 8. dxc5
Bxc5 9. Bd3 Nxc3 10. bxc3 Qxc3+ 11. Nd2 Bb4 12. e4 e5 13. a3 Ba5 14. Bg3 Be6 15.
O-O Qxd2 16. Qxd2 Bxd2 17. Bxe5 O-O 18. Rfd1 Ba5 19. exd5 Bxd5 20. Bxb8 Raxb8
21. Bxh7+ Kxh7 22. Rxd5 Bc3 23. Rad1 b5 24. R1d3 Bf6 25. Rh3+ Kg8 26. Rdh5 g6
27. Rc5 Rfc8 28. Rxc8+ Rxc8 29. Rd3 Rxc2 30. g3 Rc3 31. Rxc3 Bxc3 32. Kf1 Bb2
33. a4 bxa4 34. Ke2 a3 0-1

[Event "Challenge"]
[Site "http://www.queenalice.com/game.php?id=641106"]
[Date "2009.8.23"]
[Round "-"]
[White "ORNELAS"]
[Black "cessna82783"]
[Result "0-1"]
[WhiteElo "1696"]
[BlackElo "1894"]

1. d4 d5 2. Nf3 Nc6 3. c3 Nf6 4. Bg5 e6 5. Nbd2 Be7 6. g3 O-O 7. Bg2 h6 8. Bf4
Na5 9. b3 c6 10. Ne5 Bd6 11. Ndf3 Qc7 12. Qc2 c5 13. O-O cxd4 14. Nxd4 Bd7 15.
Ndf3 Nh5 16. Qd2 Be8 17. Bxh6 f6 18. Bh3 fxe5 19. Bxe6+ Bf7 20. Bg4 Nf6 21. Qg5
Ne8 22. Nh4 Be7 23. Qf5 Qd6 24. Bg5 Bxg5 25. Qxg5 Qh6 26. Qxe5 Nc6 27. Qf5 Rd8
28. e4 Ne7 29. Qf3 dxe4 30. Qxe4 Nd5 31. Nf5 Qf6 32. Qf3 Nd6 33. c4 Ne7 34. Rad1
Nexf5 35. Bxf5 Nxf5 36. Rxd8 Rxd8 37. Qxb7 Nd4 38. h4 Qf5 39. Qe7 Re8 40. Qxa7
Nf3+ 41. Kg2 Qe4 42. Kh3 Be6+ 43. Kg2 Nxh4+ 44. Kh2 Qg2# 0-1

[Event "Challenge"]
[Site "http://www.queenalice.com/game.php?id=647175"]
[Date "2009.9.4"]
[Round "-"]
[White "cessna82783"]
[Black "caboclo"]
[Result "0-1"]
[WhiteElo "1890"]
[BlackElo "1912"]

1. d4 Nf6 2. Nc3 d5 3. Bf4 g6 4. Nf3 Bg7 5. e3 O-O 6. Bd3 c5 7. dxc5 Nbd7 8. Na4
Qa5+ 9. c3 b5 10. b4 Qxa4 11. Bc2 Qa6 12. Bd3 e5 13. Nxe5 Nh5 14. O-O Nxe5 15.
Bxe5 Bxe5 16. a4 Bxc3 0-1